Victims of sexual assault and abuse / 2 Cultural, community, educational and advocacy responses
| Medienart: | Druck Buch |
|---|---|
| Sprache: | Englisch |
| Veröffentlicht: |
Santa Barbara, Calif. [u.a.]
Praeger
2010
|
| In: |
Victims of sexual assault and abuse resources and responses for individuals and families
Jahr: 2010 |
| Online-Zugang: |
Inhaltsverzeichnis Klappentext (Verlag) |
| Bestand in Tübingen: | In Tübingen vorhanden. UB: KB 20 A 4746-2 |
| Verfügbarkeit prüfen: | HBZ Gateway |
| Subito Bestelldienst: | Jetzt bestellen. |
MARC
| LEADER | 00000cam a2200000 cc4500 | ||
|---|---|---|---|
| 001 | 1406945587 | ||
| 003 | DE-627 | ||
| 005 | 20220529123431.0 | ||
| 007 | tu | ||
| 008 | 110202s2010 xx ||||| 00| ||eng c | ||
| 035 | |a (DE-627)1406945587 | ||
| 035 | |a (DE-576)336945582 | ||
| 035 | |a (DE-599)BSZ336945582 | ||
| 035 | |a (OCoLC)707091547 | ||
| 040 | |a DE-627 |b ger |c DE-627 |e rakwb | ||
| 041 | |a eng | ||
| 245 | 0 | 0 | |a Victims of sexual assault and abuse |n 2 |p Cultural, community, educational and advocacy responses |c Michele A. Paludi and Florence L. Denmark |
| 264 | 1 | |a Santa Barbara, Calif. [u.a.] |b Praeger |c 2010 | |
| 300 | |a XIX, 336 S. | ||
| 336 | |a Text |b txt |2 rdacontent | ||
| 337 | |a ohne Hilfsmittel zu benutzen |b n |2 rdamedia | ||
| 338 | |a Band |b nc |2 rdacarrier | ||
| 773 | 1 | 8 | |a Victims of sexual assault and abuse resources and responses for individuals and families |w (DE-627)1402455755 |w (DE-576)332455750 |g 2 |q 2 |7 nnam |
| 856 | 4 | 2 | |u https://swbplus.bsz-bw.de/bsz336945582inh.htm |m B:DE-576;DE-21 |q application/pdf |v 20110215120541 |x Verlag |3 Inhaltsverzeichnis |7 1 |
| 856 | 4 | 2 | |u https://swbplus.bsz-bw.de/bsz336945582kla.htm |m B:DE-576;DE-21 |q application/pdf |v 20110215120543 |x Verlag |3 Klappentext |7 1 |
| 951 | |a MV | ||
| ELC | |b 1 | ||
| LOK | |0 000 xxxxxcx a22 zn 4500 | ||
| LOK | |0 001 2662808608 | ||
| LOK | |0 003 DE-627 | ||
| LOK | |0 004 1406945587 | ||
| LOK | |0 005 20110202153514 | ||
| LOK | |0 008 110202||||||||||||||||ger||||||| | ||
| LOK | |0 040 |a DE-21 |c DE-627 |d DE-21 | ||
| LOK | |0 852 |a DE-21 | ||
| LOK | |0 852 1 |c KB 20 A 4746-2 |9 00 | ||
| LOK | |0 935 |a krim | ||
| LOK | |0 936ln |a k8.9.3 | ||
| LOK | |0 938 |a 1102 |f 34 | ||
| LOK | |0 939 |a 02-02-11 |b l01 | ||
| ORI | |a SA-MARC-krimdoka001.raw | ||
| SIG | |a UB: KB 20 A 4746-2 | ||
